[Event "QCD-Prof Lim Kok Ann GM 2018"]
[Site "Singapore"]
[Date "2018.06.11"]
[Round "7"]
[White "Sukandar, Irine Kharisma"]
[Black "Goh, Wei Ming Kevin"]
[Result "0-1"]
[WhiteElo "2396"]
[BlackElo "2477"]
[Annotator "TA"]
[PlyCount "74"]
[EventDate "2018.06.12"]
[EventType "tourn"]
[SourceTitle "playchess.com"]
[Source "ChessBase"]
[SourceQuality "1"]

{[%evp 15,74,-8,0,-18,-10,-21,-27,-51,-50,-66,-53,-64,-70,-72,-71,-81,-63,-85,-11,-16,37,21,55,57,93,87,91,79,96,0,0,-12,-16,-25,-17,-36,26,29,26,-16,-33,-16,-20,-29,-39,-382,-14,-24,-17,-31,-3,-587,-586,-553,-545,-523,-522,-510,-501,-550,-535]} 1. e4 e6 2. d3 d5 3. Nd2 Nf6 4. Ngf3 Be7 5. g3 c5 6. Bg2 Nc6 7. O-O O-O 8. Re1 Qc7 {LiveBook: 231 Partien} 9. a4 {C00: Französische Verteidigung (Seltene Züge)} (9. e5 Nd7 10. Qe2 b5 11. Nf1 Bb7 12. Bf4 Rfc8 13. Ne3 Qd8 14. h4 h6 15. c3 b4 16. c4 Nb6 17. Rad1 Rc7 18. Ng4 Qf8 19. Qe3 Nd4 20. Nxd4 cxd4 {0-1 (44) Svidler,P (2760)-Kramnik,V (2800) Moscow 2018}) 9... b6 10. b3 Bb7 11. e5 $146 {Schwarz hat minimalen Vorteil.} ({Vorgänger:} 11. Bb2 a6 12. Qe2 d4 13. h4 e5 14. Nh2 Bc8 15. g4 Ne8 16. Ndf3 Nf6 {½-½ (60) Alvarez,L (2024)-Acevedo,R (2076) Rosario 2017}) 11... Nd7 {[%cal Rd7e5]} 12. Bb2 a6 13. h4 Rfc8 14. Bh3 Qd8 15. h5 {[%cal Bh4h5,Bh5h6][%mdl 32]} b5 16. Nh2 c4 (16... h6 $17) 17. bxc4 bxc4 (17... dxc4 $11 18. dxc4 bxa4) 18. dxc4 $14 Na5 19. h6 g6 20. cxd5 Bxd5 21. Ng4 Qc7 22. Ne3 (22. c4 $16 Bc6 23. Ba3 Bxa3 24. Rxa3) 22... Bb7 $11 23. c4 Nc5 $36 {[%mdl 2048] Schwarz will ...Sd3 spielen. Schwarz hat gut koordiniertes Spiel.} 24. Bc3 Rd8 25. Qe2 Rd3 ({Bitte nicht} 25... Qc6 26. Bg2 $14) (25... Rxd2 $15 26. Qxd2 (26. Bxd2 Nab3 $11) 26... Nab3) 26. Bb4 {Droht stark Lxc5.} Rad8 {[#] Und weiter mit ...Sc6 wäre nett.} ({Jedoch nicht} 26... Qc6 $2 27. Bg2 $18) 27. Nd5 (27. Rab1 {is interesting.} Ba8 28. Bg2 Bxg2 29. Kxg2 Nab7 30. Ng4) 27... exd5 28. Bxc5 $1 dxc4 29. Bxe7 Qxe7 30. Ne4 $2 {[%mdl 8192]} (30. Rad1 $15) 30... Bxe4 $2 ({Lieber} 30... Nb3 $19 31. Nd6 R3xd6 32. exd6 Qxe2 33. Rxe2 Nxa1) 31. Qxe4 Nb3 32. e6 {[#] Und exf7+ würde nun gewinnen.} f5 33. Bxf5 $2 {[%mdl 8192]} (33. Qxc4 $11 {und Weiss ist OK.} Nd2 34. Qxa6) 33... gxf5 $19 {Schwarz steht klar auf Gewinn.} 34. Qxf5 R3d5 35. Qg4+ Rg5 36. Qxc4 Nxa1 37. Rb1 Re8 {Precision: Weiß = 34%, Schwarz = 46%.} 0-1

[Event "QCD-Prof Lim Kok Ann GM 2018"]
[Site "Singapore"]
[Date "2018.06.11"]
[Round "7"]
[White "Lee, Qing Aun"]
[Black "Gong, Qianyun"]
[Result "1/2-1/2"]
[WhiteElo "2339"]
[BlackElo "2300"]
[Annotator "NA"]
[PlyCount "111"]
[EventDate "2018.06.12"]
[EventType "tourn"]
[SourceTitle "playchess.com"]
[Source "ChessBase"]
[SourceQuality "1"]
[TimeControl "5400+30"]

1. e4 {[%emt 0:01:02]} e6 {[%emt 0:00:08]} 2. d4 {[%emt 0:00:10]} d5 {[%emt 0:00:04]} 3. Nd2 {[%emt 0:00:12]} b6 {[%emt 0:00:08]} 4. Bd3 {[%emt 0:05:12]} Nf6 {[%emt 0:01:06]} 5. e5 {[%emt 0:00:36]} Nfd7 {[%emt 0:00:05]} 6. c3 {[%emt 0:00:11]} c5 {[%emt 0:00:23]} 7. Nh3 {[%emt 0:00:49]} Be7 {[%emt 0:17:22]} 8. Qg4 {[%emt 0:01:41]} g6 {[%emt 0:10:22]} 9. O-O {[%emt 0:01:54]} Ba6 {[%emt 0:02:18]} 10. Bxa6 {[%emt 0:00:55]} Nxa6 {[%emt 0:00:03]} 11. Nf3 {[%emt 0:00:14]} h6 {[%emt 0:01:34]} 12. Nf4 {[%emt 0:04:21]} Nf8 {[%emt 0:01:20]} 13. dxc5 {[%emt 0:03:47]} Nxc5 {[%emt 0:00:53]} 14. Nd4 {[%emt 0:00:33]} Qc7 {[%emt 0:06:32]} 15. Qe2 {[%emt 0:01:41]} a6 {[%emt 0:08:53]} 16. a4 {[%emt 0:04:41]} Ncd7 {[%emt 0:10:52]} 17. Re1 {[%emt 0:02:09]} Qc4 {[%emt 0:02:08]} 18. Qd1 {[%emt 0:04:46]} Rc8 {[%emt 0:02:24]} 19. Bd2 {[%emt 0:02:08]} Qc7 {[%emt 0:04:33]} 20. Qe2 {[%emt 0:04:51]} Qc4 {[%emt 0:02:06]} 21. Qd1 {[%emt 0:03:15]} Qc7 {[%emt 0:00:07]} 22. Nf3 {[%emt 0:04:04]} Nc5 {[%emt 0:01:34]} 23. Be3 {[%emt 0:00:25]} Nh7 {[%emt 0:04:28]} 24. Bd4 {[%emt 0:07:35]} Ng5 {[%emt 0:00:18]} 25. Nd2 {[%emt 0:01:30]} Nge4 {[%emt 0:02:02]} 26. Nxe4 {[%emt 0:06:07]} Nxe4 {[%emt 0:00:35]} 27. Qd3 {[%emt 0:00:09]} Qb7 {[%emt 0:08:33]} 28. c4 {[%emt 0:01:18]} Nc5 {[%emt 0:00:12]} 29. Qc2 {[%emt 0:07:41]} dxc4 {[%emt 0:00:13]} 30. Qxc4 {[%emt 0:00:08]} O-O {[%emt 0:01:12]} 31. Qc2 {[%emt 0:00:13]} Bg5 {[%emt 0:02:26]} 32. Nh3 {[%emt 0:00:26]} Rfd8 {[%emt 0:01:03]} 33. Rad1 {[%emt 0:03:58]} Be7 {[%emt 0:00:06]} 34. b4 {[%emt 0:01:19]} Nd7 {[%emt 0:00:01]} 35. Qb3 {[%emt 0:00:08]} b5 {[%emt 0:00:09]} 36. a5 {[%emt 0:03:53]} Rc4 {[%emt 0:00:18]} 37. Bc3 {[%emt 0:02:59]} Qc7 {[%emt 0:00:04]} 38. Rd3 {[%emt 0:01:58]} Nb8 {[%emt 0:00:12]} 39. Rxd8+ {[%emt 0:02:21]} Qxd8 {[%emt 0:00:09]} 40. Rd1 {[%emt 0:01:08]} Qc7 {[%emt 0:00:19]} 41. Bd2 {[%emt 0:02:25]} Bf8 {[%emt 0:02:01]} 42. Nf4 {[%emt 0:04:45]} Qxe5 {[%emt 0:02:03]} 43. Nd3 {[%emt 0:00:50]} Qd5 {[%emt 0:02:04]} 44. Be3 {[%emt 0:01:06]} Qh5 {[%emt 0:02:27]} 45. Bc5 {[%emt 0:02:54]} Nc6 {[%emt 0:01:34]} 46. f3 {[%emt 0:01:46]} Nxa5 {[%emt 0:02:07]} 47. Qa2 {[%emt 0:01:35]} Bxc5+ {[%emt 0:01:13]} 48. Nxc5 {[%emt 0:00:19]} Nc6 {[%emt 0:01:52]} 49. Qxa6 {[%emt 0:01:42]} Nxb4 {[%emt 0:00:24]} 50. Qa8+ {[%emt 0:00:01]} Kh7 {[%emt 0:01:14]} 51. Ne4 {[%emt 0:03:38]} Nd5 {[%emt 0:00:43]} 52. Qf8 {[%emt 0:00:42]} Qf5 {[%emt 0:01:09]} 53. Nd6 {[%emt 0:00:16]} Qc2 {[%emt 0:00:13]} 54. Qxf7+ {[%emt 0:00:36]} Kh8 {[%emt 0:00:01]} 55. Ra1 {[%emt 0:01:17]} Ra4 {[%emt 0:00:12]} 56. Qf8+ {[%emt 0:00:34]} 1/2-1/2

[Event "QCD-Prof Lim Kok Ann GM 2018"]
[Site "Singapore"]
[Date "2018.06.12"]
[Round "8"]
[White "Gareyev, Timur"]
[Black "Liu, Xiangyi"]
[Result "1-0"]
[WhiteElo "2611"]
[BlackElo "2449"]
[Annotator "TA"]
[PlyCount "43"]
[EventDate "2018.06.12"]
[EventType "tourn"]
[SourceTitle "playchess.com"]
[Source "ChessBase"]
[SourceQuality "1"]

{[%evp 12,43,0,-5,0,0,31,18,34,17,22,21,11,22,39,37,45,50,142,103,302,305,305,307,295,285,345,230,544,538,893,893,1584,1575]} 1. b4 e6 2. Bb2 Nf6 3. a3 d5 4. e3 c5 5. bxc5 Bxc5 6. Nf3 O-O {A00: Irregular Openings} 7. c4 {LiveBook: 6 Games} b6 (7... Nc6 8. d4 Be7 9. Nbd2 b6 10. Be2 Bb7 11. O-O Rc8 12. cxd5 Qxd5 {1-0 (50) Jaracz,P (2507)-Tomczak,J (2554) Trzcianka 2015}) 8. cxd5 Nxd5 {The position is equal.} 9. d4 Be7 10. e4 Nf6 {[%cal Bd5f6,Bf6h5,Bh5f4][%mdl 32]} 11. Nbd2 $146 ({Predecessor:} 11. Nc3 Bb7 12. Bd3 Nbd7 {½-½ (45) Steffens,O (2325)-Mueller,F Osterroenfeld 1996}) 11... Bb7 12. Bd3 Nbd7 {With the idea ...Nc5!} 13. Qe2 Nh5 {[#] Strongly threatening ...Nf4.} 14. g3 f5 ({Black should play} 14... Rc8 $14) 15. O-O $16 Qe8 $2 (15... g6 $16) 16. exf5 $18 exf5 17. Qe6+ Kh8 18. Bb5 {[%cal Bd3b5,Bb5c6,Bc6a8][%mdl 32]} ({Not} 18. Bxf5 Ndf6 $16) 18... Nf4 19. Qxd7 Bxf3 $2 {[#]} (19... Qxd7 20. Bxd7 Ne2+ 21. Kg2 Rad8) 20. Nxf3 {White is clearly winning.} (20. Qxe8 $2 {leads to mate.} Nh3#) 20... Qh5 21. Bc6 Rf6 22. Bxa8 {Precision: White = 79%, Black = 19%.} 1-0

[Event "QCD-Prof Lim Kok Ann GM 2018"]
[Site "Singapore"]
[Date "2018.06.12"]
[Round "8"]
[White "Goh, Wei Ming Kevin"]
[Black "Batchuluun, Tsegmed"]
[Result "1/2-1/2"]
[WhiteElo "2477"]
[BlackElo "2561"]
[Annotator "TA"]
[PlyCount "46"]
[EventDate "2018.06.12"]
[EventType "tourn"]
[SourceTitle "playchess.com"]
[Source "ChessBase"]
[SourceQuality "1"]

{[%evp 34,35,12,-22]} 1. e4 e5 2. Nf3 Nc6 3. Bb5 a6 4. Ba4 Nf6 5. O-O Be7 6. Re1 b5 7. Bb3 d6 8. c3 O-O 9. h3 Nb8 10. d4 Nbd7 11. Nbd2 Bb7 12. Bc2 Re8 13. Nf1 Bf8 14. Ng3 g6 15. a4 Bg7 16. Bd3 c6 {C95: Closed Ruy Lopez: Breyer Variation with 10 d4} 17. b3 Qc7 18. Bb2 {[#] LiveBook: 12 Games} {Predecessor:} Rad8 $146 19. axb5 axb5 20. c4 exd4 21. Nxd4 bxc4 22. Bxc4 Ne5 23. Qc2 Qb6 {½-½ (41) Vachier Lagrave,M (2730)-Sasikiran,K (2653) Moscow 2010} 1/2-1/2

[Event "QCD-Prof Lim Kok Ann GM 2018"]
[Site "Singapore"]
[Date "2018.06.12"]
[Round "8"]
[White "Nguyen, Anh Dung"]
[Black "Sukandar, Irine Kharisma"]
[Result "1/2-1/2"]
[WhiteElo "2465"]
[BlackElo "2396"]
[Annotator "TA"]
[PlyCount "41"]
[EventDate "2018.06.12"]
[EventType "tourn"]
[SourceTitle "playchess.com"]
[Source "ChessBase"]
[SourceQuality "1"]

{[%evp 21,28,10,12,13,13,0,3,0,14]} 1. d4 d5 2. c4 c6 3. cxd5 cxd5 4. Nc3 Nc6 5. Bf4 Nf6 6. e3 a6 7. Nf3 Bf5 8. Bd3 Bxd3 9. Qxd3 e6 10. O-O Bd6 11. Bxd6 Qxd6 {The position is equal.} 12. Rfc1 {D13: Slav Defence: Exchange variation without ...Bf5} O-O 13. h3 (13. Na4 Nd7 14. Nc5 Nxc5 15. Rxc5 Rac8 16. Rac1 Ne7 17. Rxc8 Rxc8 18. Rxc8+ Nxc8 19. Qc3 Ne7 {½-½ (31) Li,C (2720)-Yu,Y (2750) Fufeng 2017}) 13... Rac8 14. a3 h6 {Predecessor:} 15. Ne2 $146 Ne7 16. Rxc8 Rxc8 17. Rc1 Rxc1+ 18. Nxc1 Ne4 19. Nd2 Nxd2 20. Qxd2 Qc7 21. Nd3 {½-½ (30) Zhao,S (2112)-Yuan,Y (2292) Jiaxing 2017} 1/2-1/2

[Event "QCD-Prof Lim Kok Ann GM 2018"]
[Site "Singapore"]
[Date "2018.06.12"]
[Round "8"]
[White "Tin, Jingyao"]
[Black "Lee, Qing Aun"]
[Result "1-0"]
[WhiteElo "2445"]
[BlackElo "2339"]
[Annotator "TA"]
[PlyCount "119"]
[EventDate "2018.06.12"]
[EventType "tourn"]
[SourceTitle "playchess.com"]
[Source "ChessBase"]
[SourceQuality "1"]

{[%evp 9,119,0,0,0,0,-11,0,-31,-40,-23,-17,-40,-12,-47,25,26,48,-1,62,45,40,17,0,10,35,33,25,0,6,8,59,50,68,57,70,62,70,67,86,81,74,74,78,78,92,85,82,62,77,41,83,84,83,82,77,71,71,68,99,67,83,74,83,54,59,40,122,126,130,132,129,102,102,66,87,68,97,65,66,47,54,0,70,66,66,66,66,67,69,31,25,46,54,25,31,32,32,21,328,360,315,317,423,380,5389,5348,4702,2445,29995,29996,29996,29997]} 1. d4 Nf6 2. Bf4 c5 3. c3 Qb6 (3... b6 4. e3 Bb7 5. h3 g6 6. Nf3 Bg7 7. Nbd2 O-O 8. Be2 d6 9. O-O Nbd7 10. a4 a6 11. Bh2 Bc6 12. Qb1 Qc8 13. b4 Ra7 14. Rc1 Qa8 15. Bf1 Ne4 16. b5 Nxd2 17. Nxd2 Bb7 18. Nc4 Be4 19. Qb2 a5 {½-½ (68) Usmanov,V (2459)-Rakhmanov,A (2669) Sochi 2017}) 4. Qc1 cxd4 5. cxd4 Nc6 6. e3 {A45: Trompowsky Attack} d6 7. Nc3 e5 8. dxe5 {The position is equal.} dxe5 9. Bg3 Bb4 $146 ({Predecessor:} 9... Nh5 10. Be2 Nxg3 11. hxg3 {0-1 (54) Dobos,O (1869)-Arsenault,N (2143) Budapest 2007}) 10. Nf3 Ne4 11. Nxe5 (11. Bd3 {seems wilder.} Bf5 12. Qc2 Nxg3 13. hxg3 Bxd3 14. Qxd3 Rd8 15. Qc2) 11... Qc5 ({Don't play} 11... Nxg3 $6 12. Nc4 $14) (11... Bf5 $15) 12. Nd3 Bxc3+ 13. bxc3 (13. Qxc3 {keeps more tension.} Qxc3+ 14. bxc3 O-O 15. Rc1 Re8 16. Be2) 13... Qxc3+ (13... Qa5 $11) 14. Qxc3 $14 Nxc3 15. f3 O-O 16. a3 Rd8 17. Rc1 Na4 18. Ne5 Nxe5 19. Bxe5 Bd7 ({Black should try} 19... Be6 $11) 20. Be2 $36 {[%mdl 2048] White has some pressure.} Bc6 21. Bd4 Rd6 22. Kf2 Nb6 23. Rhd1 Rad8 24. Rd2 Nd7 25. Rdc2 h6 26. h4 a6 27. g4 Nf8 28. Be5 Rd5 29. Bc3 Ne6 30. Bc4 R5d6 31. Ba5 Ra8 32. Rd2 (32. Bb4 {is more complex.} Rd7 33. Be2 Rad8 34. Ba5 Ra8 35. Rd2) 32... Rxd2+ 33. Bxd2 Nc7 34. Bc3 Rc8 35. Bb2 Rd8 36. Ke2 Ne6 37. f4 Kf8 {[#]} (37... Rc8 $14) 38. Bxa6 $1 $16 {[%mdl 512]} h5 (38... bxa6 39. Rxc6) 39. gxh5 Rd5 40. h6 gxh6 41. Bc4 Rh5 42. Bf6 Rc5 {...b5 would now be nice for Black.} 43. Kd2 Rf5 44. Be5 {[#] Strongly threatening Be2.} Rh5 45. Bf6 Rf5 46. Bc3 $1 Rh5 47. Bb4+ Ke8 48. Rg1 Rxh4 49. Rg8+ (49. Bxe6 $5 fxe6 50. Rg7 $16) 49... Kd7 50. Rh8 Rh2+ 51. Kd3 {And now Rh7 would win.} b5 52. Bb3 Rh3 53. f5 Nf4+ $2 {[%mdl 8192]} (53... Ng5 $1 $11) 54. Kd4 $18 Ne2+ 55. Kc5 Rxe3 56. Bxf7 Kc7 $2 (56... Re5+ 57. Kb6 Be4 58. Be6+ Rxe6+ 59. fxe6+ Kxe6 60. Kxb5 Bf3 61. Rxh6+ Kd7 62. Rh7+ Ke6) 57. Ba5+ Kb7 58. Be6 {Threatening mate with Bc8+.} Bf3 59. Bc8+ Kb8 60. Kb6 {Precision: White = 52%, Black = 44%.} 1-0

[Event "QCD-Prof Lim Kok Ann GM 2018"]
[Site "Singapore"]
[Date "2018.06.12"]
[Round "8"]
[White "Munkhgal, Gombosuren"]
[Black "Gong, Qianyun"]
[Result "1-0"]
[WhiteElo "2435"]
[BlackElo "2300"]
[Annotator "TA"]
[PlyCount "73"]
[EventDate "2018.06.12"]
[EventType "tourn"]
[SourceTitle "playchess.com"]
[Source "ChessBase"]
[SourceQuality "1"]

{[%evp 19,73,8,0,7,49,38,39,39,63,43,50,46,58,48,47,35,52,54,51,49,52,43,47,17,15,0,26,26,29,31,56,27,27,36,45,11,171,176,173,160,182,157,233,203,378,150,279,272,268,256,1053,1020,5214,5214,5214,5214]} 1. d4 Nf6 2. Nf3 e6 3. Bf4 c5 4. e3 d5 5. c3 Nc6 6. Nbd2 cxd4 7. exd4 {D02: 1 d4 d5 2 Nf3 sidelines, including 2...Nf6 3 g3 and 2...Nf6 3 Bf4} Nh5 8. Be3 Bd6 9. Ne5 (9. Bd3 Nf4 10. Bxf4 Bxf4 11. O-O O-O 12. Re1 Bd7 13. Ne5 Nxe5 14. dxe5 g6 {1-0 (104) Vidit,S (2715)-Aronian,L (2805) Riadh 2017}) 9... g6 10. Nd3 O-O {LiveBook: 3 Games} 11. g3 e5 $146 ({Predecessor:} 11... f5 12. Bh6 Rf7 13. Nf3 Qc7 14. Be2 Nf6 {1-0 (46) Sedlak,N (2552)-Terbe,J (2263) Hungary 2018}) 12. dxe5 Nxe5 13. Nxe5 Bxe5 14. Nb3 Nf6 15. Bg2 Bg4 16. f3 (16. Qd2 {seems wilder.} Ne4 17. Qc2 Bf5 18. Qd1 Re8 19. O-O) 16... Bd7 17. O-O Re8 18. Re1 Qc7 19. Qd2 Bc6 20. Nd4 Nd7 21. a4 Bg7 22. Nb5 Bxb5 23. axb5 Nb6 24. Bf2 Red8 25. Red1 a6 26. bxa6 {Strongly threatening a7.} Rxa6 27. f4 {[%cal Bf3f4,Bf4f5][%mdl 32]} h5 $2 (27... Nc4 $11 {and Black has nothing to worry.} 28. Qc1 Rxa1 29. Qxa1 d4) 28. Rxa6 $18 bxa6 {[#]} 29. f5 $1 $36 {[%mdl 2048] Keeping Black busy.} Kh7 30. Qe2 Qc4 (30... Rd6 $16 {was worth a try.} 31. Qxa6 d4) 31. Qe7 Rd7 $2 (31... Qg4 32. Rd4 Rd7 33. Qxd7 (33. Rxg4 Rxe7 34. Rb4 Nc4 $18) 33... Nxd7 34. Rxg4 hxg4 35. fxg6+ (35. Bxd5 gxf5 36. Bb7 Nb8 $16) 35... Kxg6 36. Bxd5 a5) 32. Qe8 $2 (32. fxg6+ $18 Kxg6 33. Qe3) 32... Qb5 (32... Qg4 $16 33. Ra1 d4) 33. fxg6+ fxg6 34. Qe6 Na4 $2 (34... Rb7 35. Bf1 Qd7 36. Qxd7 Nxd7) 35. Bf1 {White is clearly winning.} Qb3 36. Qxd7 {[#] Intending Bd4! and mate.} Qxd1 37. Bd4 {Precision: White = 60%, Black = 33%.} 1-0

[Event "QCD-Prof Lim Kok Ann GM 2018"]
[Site "Singapore"]
[Date "2018.06.12"]
[Round "9"]
[White "Batchuluun, Tsegmed"]
[Black "Nguyen, Anh Dung"]
[Result "1/2-1/2"]
[WhiteElo "2561"]
[BlackElo "2465"]
[Annotator "TA"]
[PlyCount "81"]
[EventDate "2018.06.12"]
[EventType "tourn"]
[SourceTitle "playchess.com"]
[Source "ChessBase"]
[SourceQuality "1"]

{[%evp 13,81,9,25,17,16,24,65,62,62,65,69,16,16,0,63,37,39,40,39,20,30,35,24,22,36,24,23,24,41,39,39,38,39,32,39,42,39,21,24,24,18,24,32,21,36,25,24,0,39,21,35,10,27,10,13,12,35,23,35,32,32,13,27,0,35,0,33,0,29,0]} 1. d4 Nf6 2. c4 e6 3. Nf3 b6 4. g3 Bb7 5. Bg2 Be7 6. O-O O-O 7. Re1 Na6 8. Ne5 {E17: Queen's Indian: 4 g3 Bb7 5 Bg2 Be7} (8. Nc3 Ne4 9. Bf4 Nxc3 10. bxc3 Nb8 11. e4 d6 12. e5 dxe5 13. Nxe5 Bxg2 14. Kxg2 Bd6 15. Qf3 Nd7 16. Rad1 {1-0 (30) Vidit,S (2707)-Bologan,V (2610) Poikovsky 2018}) 8... Bxg2 9. Kxg2 d6 10. Nc6 {White is slightly better.} Qd7 11. Nxe7+ Qxe7 12. Qa4 (12. e4 $14) 12... Nb8 $11 13. Nc3 Nbd7 $146 (13... c5 $11) ({Predecessor:} 13... Qe8 14. Qxe8 Rxe8 15. b3 Nc6 {1-0 (37) Iotov,V (2603)-Eichler,C (2338) Nuremberg 2009}) 14. Bg5 h6 15. Bxf6 Nxf6 16. Qc6 Qd7 17. Qxd7 Nxd7 18. e4 e5 19. Rad1 exd4 20. Rxd4 Nc5 21. Nd5 Ne6 22. Rd2 Rfe8 23. Re3 Kf8 24. f4 Rac8 25. Ra3 a5 26. Re3 Nc5 27. Kf3 g6 28. b3 Kg7 29. Rde2 Ne6 30. Rd2 Nc5 31. Rb2 Ne6 32. Kf2 Nc5 33. Rbe2 h5 34. Kg2 Nd7 35. Kf3 Nf6 36. h3 Nd7 37. Kg2 Re6 38. Kf3 Ree8 39. Kg2 Re6 40. Kf3 Ree8 41. Kg2 {Precision: White = 33%, Black = 51%.} 1/2-1/2

[Event "QCD-Prof Lim Kok Ann GM 2018"]
[Site "Singapore"]
[Date "2018.06.12"]
[Round "9"]
[White "Liu, Xiangyi"]
[Black "Goh, Wei Ming Kevin"]
[Result "1/2-1/2"]
[WhiteElo "2449"]
[BlackElo "2477"]
[Annotator "TA"]
[PlyCount "36"]
[EventDate "2018.06.12"]
[EventType "tourn"]
[SourceTitle "playchess.com"]
[Source "ChessBase"]
[SourceQuality "1"]

{[%evp 21,36,21,14,9,14,4,27,20,23,0,2,0,0,0,2,0,0]} 1. e4 c5 2. Nf3 Nc6 3. Bb5 d6 4. O-O Bd7 5. Re1 Nf6 6. c3 a6 7. Bf1 Bg4 8. h3 Bxf3 9. Qxf3 e6 {B51: Sicilian: Moscow Variation (3 Bb5+) without 3...Bd7} (9... g6 10. Na3 Bg7 11. Nc2 Nd7 12. Qd1 O-O 13. b3 Rc8 14. d4 cxd4 15. cxd4 Qb6 16. Be3 Nb4 17. Nxb4 Qxb4 {0-1 (60) Fedoseev,V (2724)-Mamedov,R (2709) chess.com INT 2018}) 10. d3 Be7 {[%cal Bf8e7,Be7f6,Bf6e5][%mdl 32]} 11. Nd2 O-O {LiveBook: 39 Games} 12. g3 d5 13. exd5 {[#]} Qxd5 $146 ({Predecessor:} 13... Nxd5 14. Bg2 Rc8 15. a4 Bg5 16. Qh5 Bxd2 17. Bxd2 Qd6 18. Bg5 h6 19. Bxh6 gxh6 20. Qxh6 Ne5 21. Re4 f5 22. Rxe5 Qxe5 23. Qg6+ Kh8 24. Qh6+ {½-½ (24) Novikovas,V (2527)-Pappier,C (2506) ICCF email 2016}) 14. Qxd5 Nxd5 15. Nf3 Bf6 {The position is equal.} 16. Be3 Nxe3 17. fxe3 Ne5 18. Nxe5 Bxe5 1/2-1/2

[Event "QCD-Prof Lim Kok Ann GM 2018"]
[Site "Singapore"]
[Date "2018.06.12"]
[Round "9"]
[White "Sukandar, Irine Kharisma"]
[Black "Munkhgal, Gombosuren"]
[Result "0-1"]
[WhiteElo "2396"]
[BlackElo "2435"]
[Annotator "TA"]
[PlyCount "108"]
[EventDate "2018.06.12"]
[EventType "tourn"]
[SourceTitle "playchess.com"]
[Source "ChessBase"]
[SourceQuality "1"]

{[%evp 21,108,41,31,34,34,29,71,72,67,83,104,-16,-27,-18,-28,-64,-76,-96,-99,-97,-13,-22,22,20,24,0,0,0,0,-2,-3,0,-2,-9,-8,-6,0,-35,-38,-35,-31,-29,-29,-133,-121,-101,-8,-12,0,0,0,2,8,0,0,0,0,-15,-15,-15,-15,-15,-15,-15,-15,-16,-16,-56,-12,-131,-131,-131,-70,-74,-74,-74,-73,-73,-73,-74,-73,-29981,-29982,-29981,-29983,-29986,-29987,-29987,-29988]} 1. e4 e6 2. d4 d5 3. Nd2 a6 4. Ngf3 c5 5. exd5 exd5 6. Be2 Nc6 7. O-O Nf6 {C08: French Tarrasch: 3...c5 4 exd5 exd5 sidelines} 8. Re1 Be6 9. Bd3 Be7 10. dxc5 Bxc5 11. Nb3 Bb6 {LiveBook: 11 Games} 12. h3 O-O 13. c3 {[#]} Re8 $146 ({Predecessor:} 13... Ne4 14. Be3 Bf5 15. Nbd4 Bg6 16. Nxc6 bxc6 17. Ne5 {1-0 (45) Adams,M (2734)-Gurevich,M (2634) Dresden 2008}) 14. Bg5 h6 15. Bh4 $1 g5 {[#]} 16. Bg3 (16. Nxg5 $1 $16 {[%mdl 512]} hxg5 17. Bxg5) 16... Ne4 $36 {[%mdl 2048] Black is more active.} 17. Bxe4 dxe4 18. Nfd4 f5 19. Nxc6 bxc6 20. Bd6 Kh7 (20... Bf7 $17 {Hoping for ...e3.} 21. Ba3 f4) 21. Bc5 Qxd1 22. Rexd1 Rab8 {Strongly threatening ...Bxb3.} 23. Rd6 Bxb3 24. Bxb6 {Black must now prevent Bc7.} Bf7 25. Bd4 Rxb2 26. Rxc6 f4 27. Rxa6 e3 28. fxe3 Bd5 29. Ra7+ Kg6 30. c4 Rxg2+ 31. Kf1 $1 Be4 32. Ra6+ (32. exf4 $11 {keeps the balance.} Rh2 33. Ra6+ Kh5 34. fxg5) 32... Kh5 $17 {And now ...fxe3 would win.} 33. exf4 gxf4 (33... Rc2 $1 $17 {( -> ...Bd3+)} 34. Bg7 gxf4 35. Rxh6+ Kg5) 34. Rb1 $11 Bxb1 35. Kxg2 {[%mdl 4096] Endgame KRB-KRB} Be4+ 36. Kf2 Rd8 37. Ra5+ Kg6 38. Be5 Rd3 39. Ra6+ Kf5 40. Bg7 Rxh3 41. Rxh6 Ra3 42. Rb6 Rxa2+ 43. Bb2 Ra4 44. Rf6+ Kg4 45. Bc1 (45. Be5 $11) 45... Ra2+ $17 ({But not} 45... Rxc4 $6 46. Rxf4+ Kg5 47. Bd2 $11) 46. Kg1 {[#]} Bf5 {[#]} (46... f3 $1 $17 {Threatens to win with ...Rg2+.} 47. Be3 (47. Rf4+ $2 Kg3 $19) 47... Rg2+ 48. Kf1 Bd3+ 49. Ke1 Re2+ 50. Kd1 Bc2+ 51. Kc1 Ba4) 47. Bxf4 $1 {[%mdl 512]} Kxf4 $15 {KRB-KR} 48. c5 Rc2 49. c6 Ke5 50. Rh6 Be4 51. Kf1 $2 {[%mdl 8192]} (51. Rh2 $17) 51... Kd4 {Black mates.} 52. Ke1 {[#]} Ke3 $1 {[%cal Rc2c1]} 53. Kd1 Rc4 54. Re6 Rb4 {Precision: White = 41%, Black = 60%.} 0-1